Gaming Quiz

Random Gaming Quiz

MW2 and MW Characters Quiz Stats

 Plays Quiz not verified by Sporcle

Challenge
Share
Tweet
Embed
Score 0/14 Timer 07:00
1 Play Today
hint % Correct
'Right...What the hell kind of name is 'Soap' eh?Captain Price
68.9%
'No!' Ghost
64.9%
'Da - I know a place' Nikolai
51.7%
'I like to keep this for close encounters'Gaz
43%
'Shut up! get a grip Corporal'Sgt. Foley
32.5%
'Sarge, did HQ just tell us to go 'F' ourselves?'Cpl. Dunn
31.8%
'Get up Private Allen, Rangers lead the way'General Shepherd
28.5%
hint % Correct
'Our so called leaders prostituted us to the West... destroyed our culture... our economies... our honor. Our blood has been spilled on our soil... My blood... on their hands. TheyImran Zakhaev
19.2%
'Dont do anything stupid'Captain MacMillan
13.2%
Playable Character mw2Roach Sanderson
12.6%
Playable mw2James Ramirez
10.6%
'Ghost, our driver is dead. We're on foot, meet us at the Hotel Rio and cut him off if you can'Soap McTavish (Captian)
4.6%
0.7%
0%

You're not logged in!

Compare scores with friends on all Sporcle quizzes.
Join for Free
OR
Log In

You Might Also Like...

Show Comments

Extras

Created Aug 5, 2010ReportNominate
Tags:character, mw2

Top Quizzes Today


Score Distribution

Your Account Isn't Verified!

In order to create a playlist on Sporcle, you need to verify the email address you used during registration. Go to your Sporcle Settings to finish the process.

Report this User

Report this user for behavior that violates our Community Guidelines.

Details: